Liverpool F.C. Transfer Record - Statistics

General Stats
  • This quiz has been taken 14,130 times
    1,287 since last reset
  • The average score is 15 of 21
Answer Stats
Price Signed From Player % Correct
£130M Newcastle United Alexander Isak
99%
£116.5M Bayer Leverkusen Florian Wirtz
98%
£75M Southampton Virgil van Dijk
96%
£79M Eintracht Frankfurt Hugo Ekitike
93%
£85M Benfica Darwin Núñez
92%
£43M AS Roma Mohamed Salah
90%
£66.9M AS Roma Alisson Becker
86%
£45M Wolverhampton Wanderers Diogo Jota
86%
£50M PSV Eindhoven Cody Gakpo
77%
£34M Southampton Sadio Mané
77%
£35M Brighton & Hove Albion Alexis Mac Allister
75%
£60M RB Leipzig Dominik Szoboszlai
74%
£45M Porto Luis Díaz
71%
Bournemouth Milos Kerkez
70%
£36M RB Leipzig Ibrahima Konaté
69%
£43M AS Monaco Fabinho
64%
£40M Arsenal Alex Oxlade-Chamberlain
57%
£34.3M Bayern Munich Ryan Gravenberch
55%
£52.75M Naby Keïta
51%
Newcastle Andy Carroll
38%
£32.5M Aston Villa Christian Benteke
26%
No matching quizzes found
Score Distribution
Percent of People with Each Score
Percentile by Number Answered
Your Score History
You have not taken this quiz since the last reset